| 000 | 00651mam a2200217 a 4500 | ||
|---|---|---|---|
| 020 | _a0333693337 (series) | ||
| 020 | _a0333719727 | ||
| 082 |
_a551.49 _bSEE _cN-01, P-89. |
||
| 100 | 1 |
_aSeeley, Ivor H. _938018 |
|
| 245 | 1 | 0 | _aBuilding quantities explained. |
| 250 | _a5th ed. / | ||
| 260 |
_aBasingstoke : _bMacmillan, _c1999. |
||
| 300 |
_axviii, 406 p. : _bill. ; _c24 cm. |
||
| 490 | 1 | _aBuilding and surveying series | |
| 500 | _aPrevious ed.: 1988. | ||
| 526 |
_a0 _b0 _c0 _d551_490000000000000_SEE |
||
| 650 | 0 |
_aBuilding _xEstimates _zGreat Britain. _940401 |
|
| 650 | 0 |
_aNUST _96342 |
|
| 700 | 1 |
_aWinfield, Roger, _940402 |
|
| 942 |
_2ddc _cBK |
||
| 999 |
_c544704 _d544704 |
||